000 00894cam a22002897a 4500
001 001831
003 armpunfd
005 20140612090651.0
008 051206e0####xx#a##########000#0#und#d
040 _aarmpunfd
_carmpunfd
080 _aH 761.
100 1 0 _a Hooft, Pedro Federico.
245 1 0 _aBioetica, derecho y ciudadania. casos bioeticos en la jurisprudencia.
260 _a Ogota- Colombia : Temis
_b2005. I.S.B.N : 958-35-0526-9. 540 P.
650 7 _a Aborto Terapeutico.
_2LEMB
650 7 _a Anencefalia
_2LEMB
650 7 _a Bioetica
_2LEMB
650 7 _a Clonacion
_2LEMB
650 7 _a Derecho A La Salud
_2LEMB
650 7 _a Derechos Humanos
_2LEMB
650 7 _a Ligadura De Trompas.
_2LEMB
650 7 _a Transexualidad
_2LEMB
650 7 _a Tutela Anticipada.
_2LEMB
942 _cLB
_2cdu
945 _aCatalis
_d2010-08-19
945 _aCatalis
_d2010-08-19
999 _c1822
_d232326